TABUADA DO 3 - Statistics

Estatísticas Gerais
  • Esse quiz foi jogado 444 vezes
  • A pontuação média é 19 de 21
Estatísticas das Respostas
Hint Resposta % Correto
3X1 3
100%
3X3 9
100%
3X4 12
99%
3X5 15
99%
3X6 18
99%
3X7 21
99%
3X2 6
99%
3X0 0
97%
3X8 24
97%
3X9 27
97%
3X10 30
97%
3X11 33
95%
3X12 36
92%
3X13 39
89%
3X14 42
88%
3X15 45
86%
3X16 48
83%
3X17 51
82%
3X18 54
78%
3X19 57
76%
3X20 60
76%
Nenhum quiz correspondente encontrado
Distribuição das Pontuações
Porcentagem de Pessoas com Cada Pontuação
Percentil de Números Respondidos
Sua Pontuação Histórica
Você não jogou esse quiz